Statistics for Skillet - You Ain’t Ready (All Lyrics)

Click here to take the quiz!

General Stats

  • This quiz has been taken 18 times
  • The average score is 314 of 347

Answer Stats

% Correct
A
100%
Ain’t
100%
Am
100%
Best
100%
For
100%
Give
100%
I
100%
Love
100%
Me
100%
Pain
100%
Ready
100%
Shot
100%
Stronger
100%
The
100%
You
100%
Your
100%
Alive
83%
All
83%
And
83%
Back
83%
Before
83%
Bit
83%
Break
83%
Come
83%
Deserve
83%
Die
83%
Do
83%
Doesn’t
83%
Facing
83%
Fight
83%
Fights
83%
Fire
83%
Free
83%
Get
83%
Getting
83%
He’s
83%
Hope
83%
Hurt
83%
Is
83%
Kill
83%
Lions
83%
Little
83%
Live
83%
Looking
83%
Makes
83%
Misery
83%
Mud
83%
My
83%
No
83%
Not
83%
Of
83%
On
83%
Pushed
83%
Soldier
83%
Stand
83%
Survive
83%
Sympathy
83%
Through
83%
‘Til
83%
Time
83%
To
83%
Up
83%
What
83%
Who
83%
Against
67%
Attack
67%
Blood
67%
Dragging
67%
Enough
67%
Fear
67%
Giving
67%
Had
67%
Hold
67%
I’m
67%
In
67%
It’s
67%
I’ve
67%
Life
67%
Lose
67%
Never
67%
Past
67%
Strife
67%
Truth
67%
Wall
67%
Wanna
67%
You’ll
67%
Great
50%

Score Distribution

Percentile by Number Answered

Percent of People with Each Score

Your Score History

You have not taken this quiz